000 00601nam a2200181Ia 4500
003 IN-BaIIA
008 211028s9999 xx 000 0 eng d
020 _a0-7923-2793-4
040 _cIIA Library
080 _a523.9-337
_bSTE
100 _aStenflo, Jan Olof
_919303
245 0 _aSolar magnetic fields
_bpolarized radiation diagnostics
_cJan Olof Stenflo
260 _aDordrecht
_bKluwer Academic
_c1994
300 _axiv, 385p.
490 _aAstronomy and Space Science Library no. 189
650 _aSolar Physics, Magnetic fields.
_921497
942 _cBK
999 _c12294
_d12294